Normal view
MARC view
Entry Personal Name
001 - CONTROL NUMBER
- control field: 49269
003 - CONTROL NUMBER IDENTIFIER
- control field: OSt
005 - DATE AND TIME OF LATEST TRANSACTION
- control field: 20241204123808.0
008 - FIXED-LENGTH DATA ELEMENTS
- fixed length control field: 241204|| aca||aabn | a|a d
040 ## - CATALOGING SOURCE
- Original cataloging agency: OSt
- Transcribing agency: OSt
100 ## - HEADING--PERSONAL NAME
- Personal name: Snehi,Yogesh
670 ## - SOURCE DATA FOUND
- Source citation: Work cat.: (OSt): Snehi,Yogesh , Language, identity and geography: State reorganisation and the emergence of Himachal Pradesh
